Základy kybernetiky
Gespeichert in:
| 1. Verfasser: | |
|---|---|
| Weitere Verfasser: | , |
| Format: | Buch |
| Sprache: | Slowakisch |
| Veröffentlicht: |
Bratislava
Alfa
1990
|
| Ausgabe: | 1. vyd. |
| Schriftenreihe: | Edícia výpočtovej techniky
|
| Tags: |
Keine Tags, Fügen Sie das erste Tag hinzu!
|
MARC
| LEADER | 00000nam a2200000 4500 | ||
|---|---|---|---|
| 001 | c039125 | ||
| 005 | 20221215071949.4 | ||
| 041 | 0 | |a slo | |
| 044 | |a SK | ||
| 245 | 1 | 0 | |a Základy kybernetiky |c Ladislav Gvozdjak, Michal Boršč, Anton Vitko |
| 250 | |a 1. vyd. | ||
| 264 | 1 | |a Bratislava |b Alfa |c 1990 | |
| 300 | |a 249 s. | ||
| 490 | 1 | |a Edícia výpočtovej techniky | |
| 830 | 0 | |a Edícia výpočtovej techniky | |
| 100 | 1 | |a Gvozdjak, Ladislav | |
| 700 | 1 | |a Boršč, Michal | |
| 700 | 1 | |a Vitko, Anton | |